El delfín
محفوظ في:
| المؤلف الرئيسي: | |
|---|---|
| التنسيق: | كتاب |
| اللغة: | الإسبانية |
| منشور في: |
Barcelona
Editorial Seix Barral
1969
|
| الطبعة: | 1a. ed |
| سلاسل: | Biblioteca Formentor
|
| الموضوعات: | |
| الوسوم: |
إضافة وسم
لا توجد وسوم, كن أول من يضع وسما على هذه التسجيلة!
|
MARC
| LEADER | 00000cam a2200000 a 4500 | ||
|---|---|---|---|
| 001 | UCE3117 | ||
| 003 | CL-VaPUC | ||
| 008 | 140814e19690000sp |||||||||||||||||spa|d | ||
| 082 | 0 | 4 | |a P869.03 |b CAR |2 21 |
| 100 | |a Cardoso Pires, José |e autor |9 575624 | ||
| 245 | 1 | 3 | |a El delfín |
| 250 | |a 1a. ed | ||
| 300 | |a 207 p | ||
| 942 | |c BK | ||
| 945 | |d 20140814 14:58:00 |a arojas | ||
| 260 | |a Barcelona |b Editorial Seix Barral |c 1969 | ||
| 650 | 7 | |a NOVELAS PORTUGUESAS |2 CL-VaPUC |9 338718 | |
| 650 | 7 | |a LITERATURA PORTUGUESA |2 CL-VaPUC |9 370842 | |
| 583 | |a last modification |c 20140814 14:58:00 |k Rodrigo Vera | ||
| 490 | 0 | |a Biblioteca Formentor | |
| 999 | |c 356566 |d 356564 | ||
| 952 | |0 0 |1 0 |3 erb |4 0 |6 P_869_030000000000000_CAR_1969 |7 0 |8 A |9 464013 |a BIBEDU |b BIBEDU |i 5006651 |o P869.03 CAR 1969 |p 5006651 |r 2019-11-23 |w 2019-11-23 |y BK |z Catalogado en:20140814 |k LIT | ||